| 000 | 01014nam a2200301Ia 4500 | ||
|---|---|---|---|
| 001 | Para_1387 | ||
| 003 | CHAP | ||
| 008 | 220125s1999 xx 000 0 und d | ||
| 010 | _a200095 | ||
| 040 | _cCHAP | ||
| 090 | _aPA TESIS 1328 | ||
| 100 |
_aCandia Aranda, Ana María _918334 |
||
| 245 |
_aEtiología de la pudrición del tallo del alcatraz (Zantendeschia pentlandii), en Xochimilco, DF. y Texcoco, Edo. de México / _c por Ana María Candia Aranda |
||
| 260 |
_aChapingo Méx. : _b El autor |
||
| 300 | _a35 h. | ||
| 502 | _aTesis (Ing. Agr. Esp. en Parasitología Agrícola), UACh. Depto. Parasitología | ||
| 650 |
_aAlcatraz _x enfermedades _93584 |
||
| 650 |
_aAraceae _9165028 |
||
| 650 |
_aFlores _x enfermedades _941375 |
||
| 710 |
_aUACh. Departamento de Parasitología Agrícola _9115877 |
||
| 901 | _aPA TESIS 1328 | ||
| 902 | _aA | ||
| 905 | _a0000001999 a 0000000000 00 | ||
| 910 | _a1999 | ||
| 942 | _cPARA | ||
| 942 |
_cPARA _d1 |
||
| 999 |
_c200095 _d200095 |
||